| 000 | 00754nab a2200229u 4500 | ||
|---|---|---|---|
| 001 | 14389 | ||
| 003 | HDC | ||
| 007 | c| |||a|c|aaaa | ||
| 008 | 210214b20160626pk ||||o |||| 00| 0 eng d | ||
| 040 | _aHDC | ||
| 245 | 0 | _aPakistan can grab China's halal food market: Chinese official | |
| 336 |
_atext _2rdacontent |
||
| 337 |
_acomputer _2rdamedia |
||
| 338 |
_aonline resource _2rdacarrier |
||
| 650 |
_aChina-Arab States Expo _914972 |
||
| 650 |
_aChina's halal food market _914971 |
||
| 710 | _aCustoms Today | ||
| 856 | _zRequest full-text at [email protected] | ||
| 942 | _2lcc | ||
| 942 | _cNEWS | ||
| 942 | _kNWS0 003481 | ||
| 999 |
_c11705 _d11705 |
||